| 000 | 01266cam a2200277L 4500 | ||
|---|---|---|---|
| 001 | symposiumonadult00schl | ||
| 003 | CaSfIA | ||
| 005 | 20210119101107.0 | ||
| 007 | cr|||| | ||
| 008 | 091213s1972 xx 000 u eng d | ||
| 040 |
_aDKDLA _bdan _cDKDLA _dCaSfIA |
||
| 035 | _a(OCoLC)488281388 | ||
| 245 | 0 | 0 |
_aSymposium on Adult tooth movement / _h[electronic resource] _ced.: Allan Schlossberg. |
| 260 |
_aPhilad. : _bSaunders, _c1972. |
||
| 300 | _a?. | ||
| 490 | 1 |
_aThe dental clinics of North America ; _vVol. 16, no. 3 |
|
| 700 | 1 | _aSchlossberg, Allan. | |
| 710 | 1 | _aAdult tooth movement. | |
| 830 | 4 |
_aThe dental clinics of North America ; _vVol. 16, no. 3. |
|
| 029 | 0 |
_aDKDLA _b37026560 |
|
| 856 | 4 | 1 |
_uhttp://www.archive.org/details/symposiumonadult00schl _zFree eBook from the Internet Archive |
| 856 | 4 | 2 |
_uhttp://www.openlibrary.org/books/OL24381998M _zAdditional information and access via Open Library |
| 942 | _cEB | ||
| 506 | _fНеобхідна авторизація на https://archive.org/ (створення облікового запису безкоштовно) | ||
| 506 | _fНеобхідна авторизація на https://openlibrary.org/ (створення облікового запису безкоштовно) | ||
| 999 |
_c554735 _d554735 |
||